CUET UG- 2023 (Record no. 7782)
[ view plain ]
| 000 -LEADER | |
|---|---|
| fixed length control field | 00305nam a22001337a 4500 |
| 020 ## - INTERNATIONAL STANDARD BOOK NUMBER | |
| ISBN | 978-93-5618-537-1 |
| 082 ## - DEWEY DECIMAL CLASSIFICATION NUMBER | |
| Classification number | 158 |
| Item number | RAC/P |
| 100 ## - MAIN ENTRY--AUTHOR NAME | |
| Personal name | RACHANA SAGAR |
| 245 ## - TITLE STATEMENT | |
| Title | CUET UG- 2023 |
| Remainder of title | PHYSICS |
| 260 ## - PUBLICATION, DISTRIBUTION, ETC. (IMPRINT) | |
| Place of publication | NEW DELHI |
| Name of publisher | RACHANA SAGAR |
| Year of publication | 2023 |
| 300 ## - PHYSICAL DESCRIPTION | |
| Number of Pages | 166 |
| 520 ## - SUMMARY, ETC. | |
| Summary, etc | REFERENCE - PHYSICS |
| 942 ## - ADDED ENTRY ELEMENTS (KOHA) | |
| Koha item type | Books |
| Withdrawn status | Lost status | Collection code | Home library | Current library | Shelving location | Date acquired | Source of acquisition | Cost, normal purchase price | Full call number | Accession Number | Koha item type |
|---|---|---|---|---|---|---|---|---|---|---|---|
| Reference | Main Library | Main Library | NEW SHELF WITH NEW ENTRY | 20/11/2023 | Purchase | 229.00 | 158 RAC/P | 13362 | Books |